000 00630nam a22002177a 4500
999 _c3154
_d3154
003 OSt
005 20231020105302.0
008 231020b ||||| |||| 00| 0 eng d
020 _a9781471858161
040 _cKH8
082 _a448.242 HAR
100 _aHarrington, Karine,
_eauthor.
245 _aEdexcel A level French /
_c Karine Harrington
260 _aLondon ;
_bHodder Education,
_c2016.
650 _aForeign language
_vFrench language
_xGrammar
700 _aThathapudi, Kirsty,
_eauthor.
700 _aHares, Rod,
_eauthor.
700 _aO'Mahony, Wendy,
_eauthor.
700 _aGregg, Amy,
_eauthor.
942 _2ddc
_cTR